000 00646nam a2200217 4500
008 s2002 fr fre u
020 _a9782240729774
040 _aLB-BrCRDP
082 1 _a373 SES
_bNOT
100 1 _aNottrelet, Christine
245 1 0 _aSciences économiques et sociales. Classe de 1ère ( Série S E ). Programmes.
_cChristine Nottrelet
260 _aParis
_bCNDP
_c2002
300 _a24 p.
_c30 cm
490 0 _aLycée
500 _aSommaire.
650 4 _aSciences sociales
650 4 _aSciences économqiues
650 4 _aEcole secondaire
942 _cBK
999 _c3065
_d3065